000 00541nam a22001577a 4500
020 _a9789694949765
082 _a495.18242
100 _aHasan Javed Syed
245 _aChinese made easy:spoken chinese in 100 lessons
250 _a2nd
260 _aIslamabad
_bParamount Books
_c2014
300 _a187
650 _aChinese language-study and teaching-urdu speakers-english speakers
942 _cBK
999 _c2481
_d2481